| 000 | 00332nam a2200133 a 4500 | ||
|---|---|---|---|
| 008 | 970605s1953||||xx 0 und c | ||
| 040 |
_aSNK _bslo _cSNK _eAACR2 |
||
| 245 | 1 | 0 |
_aSlovenské ľudové umenie _bVýtvarný prejav |
| 260 |
_aBratislava _bTatran _c1953 |
||
| 300 | _ab.s. | ||
| 044 |
_axo _cSK |
||
| 041 | _aslo | ||
| 020 | _c103 | ||
| 999 |
_c14974 _d14974 |
||